|
|
|
|
| LEADER |
02323nam a2200673 i 4500 |
| 001 |
nkc20213348874 |
| 003 |
CZ PrNK |
| 005 |
20211019095041.0 |
| 007 |
ta |
| 008 |
210827s2021 xr e 000 0 cze |
| 015 |
|
|
|a cnb003348874
|
| 020 |
|
|
|a 978-80-7593-321-8
|q (brožováno)
|z 978-80-7593-314-0
|
| 035 |
|
|
|a (OCoLC)1284974537
|
| 040 |
|
|
|a BOA001
|b cze
|e rda
|
| 041 |
1 |
|
|a cze
|h eng
|
| 072 |
|
7 |
|a 13
|x Filozofie ducha
|2 Konspekt
|9 5
|
| 080 |
|
|
|a 233-282
|2 MRF
|
| 080 |
|
|
|a 2-584.5
|2 MRF
|
| 080 |
|
|
|a 2-583
|2 MRF
|
| 080 |
|
|
|a 2-582/-587
|2 MRF
|
| 080 |
|
|
|a 316.346.2
|2 MRF
|
| 080 |
|
|
|a 17.02
|2 MRF
|
| 080 |
|
|
|a 2-664.3
|2 MRF
|
| 080 |
|
|
|a (049)
|2 MRF
|
| 080 |
|
|
|a (0:82-4)
|2 MRF
|
| 100 |
0 |
|
|a Ošó,
|d 1931-1990
|7 jn19981001926
|4 aut
|
| 240 |
1 |
0 |
|a Tantric transformation.
|l Česky
|
| 245 |
1 |
0 |
|a Tantrická transformace :
|b setkání meditace a lásky : o Sarahově písni pro krále /
|c Osho ; z anglického originálu Tantric transformation přeložila Jana Žlábková
|
| 250 |
|
|
|a Vydání druhé
|
| 264 |
|
1 |
|a Praha :
|b Beta,
|c 2021
|
| 300 |
|
|
|a 283 stran ;
|c 21 cm +
|e errata (1 list ; 6 x 16 cm)
|
| 336 |
|
|
|a text
|b txt
|2 rdacontent
|
| 337 |
|
|
|a bez média
|b n
|2 rdamedia
|
| 338 |
|
|
|a svazek
|b nc
|2 rdacarrier
|
| 504 |
|
|
|a Obsahuje bibliografické odkazy
|
| 650 |
0 |
7 |
|a tantra
|7 ph139075
|2 czenas
|
| 650 |
0 |
7 |
|a duchovní cesta
|7 ph119626
|2 czenas
|
| 650 |
0 |
7 |
|a meditace
|7 ph115255
|2 czenas
|
| 650 |
0 |
7 |
|a sebepoznání
|7 ph116116
|2 czenas
|
| 650 |
0 |
7 |
|a muži a ženy
|7 ph123061
|2 czenas
|
| 650 |
0 |
7 |
|a životní harmonie
|7 ph138147
|2 czenas
|
| 650 |
0 |
7 |
|a synkretismus (náboženství)
|7 ph138309
|2 czenas
|
| 650 |
0 |
9 |
|a tantra
|2 eczenas
|
| 650 |
0 |
9 |
|a spiritual path
|2 eczenas
|
| 650 |
0 |
9 |
|a meditation
|2 eczenas
|
| 650 |
0 |
9 |
|a self-consciousness
|2 eczenas
|
| 650 |
0 |
9 |
|a men and women
|2 eczenas
|
| 650 |
0 |
9 |
|a harmony of life
|2 eczenas
|
| 650 |
0 |
9 |
|a syncretism (religion)
|2 eczenas
|
| 655 |
|
7 |
|a pojednání
|7 fd133056
|2 czenas
|
| 655 |
|
7 |
|a úvahy
|7 fd134000
|2 czenas
|
| 655 |
|
9 |
|a essays
|2 eczenas
|
| 700 |
1 |
|
|a Žlábková, Jana,
|d 1957-
|7 jn20001227064
|4 trl
|
| 910 |
2 |
|
|a BOA001
|b 2-1472.190
|
| 928 |
9 |
|
|a Pavel Dobrovský - Beta
|
| 990 |
|
|
|a BK
|
| 995 |
|
|
|a 01
|
| 991 |
|
|
|b 202109
|c NOV
|
| 996 |
6 |
|
|b 2610878792
|c 2-1472.190
|l MZK
|r Sklad / do 1 hodiny
|n 0
|p p.v.
|w 001863548
|u 000010
|a 1
|e BOA001
|j MZK50
|s P
|